Platforma pre overovanie pôvodu a obchodovanie stavebného materiálu a produktov pomocou technológie Blockchain a NFT

Saved in:
Bibliographic Details
Main Author: Riabichenko, Maksym (Author)
Other Authors: Novocký, Adam (Thesis advisor)
Format: Manuscript Book
Language:Slovak
English
Published: 2026
Subjects:
Online Access:http://is.stuba.sk/zp/portal_zp.pl?podrobnosti=182962
Tags: Add Tag
No Tags, Be the first to tag this record!

MARC

LEADER 00000ntm a22000003a 4500
001 stuzp108437
003 SK-STU
005 20260207210359.9
007 ta
008 150427s2015----xo-----f-mn---000-0-slo-d
040 |a STU  |b slo 
041 0 |a eng 
100 1 |a Riabichenko, Maksym  |u 070400  |4 aut  |U FIIT Fakulta informatiky a informačných technológií  |T FIIT Ústav počítačového inžinierstva a aplikovanej informatiky  |X 127261  |U I400  |Y 672  |7 127261 
242 0 1 |a Platforma pre overovanie pôvodu a obchodovanie stavebného materiálu a produktov pomocou technológie Blockchain a NFT  |y slo 
245 1 0 |a Platforma pre overovanie pôvodu a obchodovanie stavebného materiálu a produktov pomocou technológie Blockchain a NFT 
260 |c 2026 
650 4 |a NFT  |2 slo 
650 4 |a Blockchain  |2 slo 
650 4 |a Marketplace  |2 slo 
650 4 |a Blockchain  |2 eng 
650 4 |a Marketplace  |2 eng 
650 4 |a NFT  |2 eng 
700 1 |a Novocký, Adam  |u 070400  |k Z3  |4 ths  |U FIIT Fakulta informatiky a informačných technológií  |T FIIT Ústav počítačového inžinierstva a aplikovanej informatiky  |X 96993  |U I400  |Y 672  |7 96993 
856 4 |u http://is.stuba.sk/zp/portal_zp.pl?podrobnosti=182962